[Event "SVK-chT2B 1314"]
[Site "Slovakia"]
[Date "2014.03.16"]
[Round "11.5"]
[White "Siroky, Jan"]
[Black "Podhorsky, Martin"]
[Result "1/2-1/2"]
[WhiteElo "2134"]
[BlackElo "1951"]
[PlyCount "29"]
[EventDate "2013.10.19"]
[EventType "team-tourn"]
[EventRounds "11"]
[EventCountry "SVK"]
[SourceTitle "EXT 2015"]
[Source "ChessBase"]
[SourceDate "2014.11.20"]
[SourceVersion "1"]
[SourceVersionDate "2014.11.20"]
[SourceQuality "1"]
[WhiteTeam "Tlmace"]
[BlackTeam "Topolcianky"]
[WhiteTeamCountry "SVK"]
[BlackTeamCountry "SVK"]

1. e4 c6 2. d4 d5 3. exd5 cxd5 4. c4 e6 5. Nf3 Nf6 6. Nc3 Nc6 7. a3 Be7 8. Bd3 dxc4 9. Bxc4 0-0 10. 0-0 a6 11. Ba2 b5 12. b4 Bb7 13. Bb2 Qb6 14. Qe2 Rfd8 15. Rad1 1/2-1/2

[Event "SVK-chT2B 1314"]
[Site "Slovakia"]
[Date "2014.02.23"]
[Round "9.1"]
[White "Siroky, Jan"]
[Black "Chrast, Adrian"]
[Result "1/2-1/2"]
[WhiteElo "2134"]
[BlackElo "1984"]
[PlyCount "21"]
[EventDate "2013.10.19"]
[EventType "team-tourn"]
[EventRounds "11"]
[EventCountry "SVK"]
[SourceTitle "EXT 2015"]
[Source "ChessBase"]
[SourceDate "2014.11.20"]
[SourceVersion "1"]
[SourceVersionDate "2014.11.20"]
[SourceQuality "1"]
[WhiteTeam "Tlmace"]
[BlackTeam "Bojnice"]
[WhiteTeamCountry "SVK"]
[BlackTeamCountry "SVK"]

1. e4 d6 2. d4 g6 3. f4 Bg7 4. c3 Nf6 5. Bd3 0-0 6. Nf3 c6 7. 0-0 Qc7 8. Qe1 c5 9. d5 c4 10. Bc2 e6 11. dxe6 1/2-1/2

[Event "SVK-chT2B 1213"]
[Site "Slovakia"]
[Date "2012.10.14"]
[Round "2.4"]
[White "Siroky, Jan"]
[Black "Orgon, Dusan"]
[Result "1/2-1/2"]
[WhiteElo "2149"]
[BlackElo "2072"]
[PlyCount "120"]
[EventDate "2012.10.13"]
[EventType "team-tourn"]
[EventRounds "11"]
[EventCountry "SVK"]
[SourceTitle "EXT 2015"]
[Source "ChessBase"]
[SourceDate "2014.11.20"]
[SourceVersion "1"]
[SourceVersionDate "2014.11.20"]
[SourceQuality "1"]
[WhiteTeam "Tlmace"]
[BlackTeam "Dubnica nad Vahom II"]
[WhiteTeamCountry "SVK"]
[BlackTeamCountry "SVK"]

1. e4 e6 2. d4 d5 3. Nc3 Nf6 4. Bg5 Bb4 5. e5 h6 6. Bd2 Bxc3 7. bxc3 Ne4 8. Bd3 Nxd2 9. Qxd2 c5 10. f4 Nc6 11. Nf3 Qa5 12. c4 Qxd2+ 13. Kxd2 dxc4 14. Bxc4 cxd4 15. Kd3 Ke7 16. Nxd4 Nxd4 17. Kxd4 Rd8+ 18. Ke3 Bd7 19. Rhd1 Rac8 20. Bd3 Ba4 21. Rab1 b6 22. Rdc1 Rc3 23. Ke2 Ra3 24. Rb2 Bc6 25. g3 g5 26. c3 gxf4 27. gxf4 Rg8 28. Ke3 Rg4 29. Rf2 Rh4 30. Rcc2 Rh3+ 31. Kd2 Bd5 32. Bf1 Rh4 33. Ke3 f6 34. exf6+ Kxf6 35. Rfd2 Ra4 36. c4 Ra3+ 37. Rd3 Rxd3+ 38. Bxd3 Bc6 39. Rf2 Rh3+ 40. Kd4 Rh4 41. Ke3 Rh5 42. Kd4 Rh3 43. Bc2 Rh4 44. Ke3 Ke7 45. Be4 Kd6 46. Rd2+ Kc5 47. Bxc6 Kxc6 48. Ke4 Rh5 49. Kd4 Rf5 50. Ke4 a5 51. Rd8 Rh5 52. Rc8+ Kd7 53. Rb8 Rxh2 54. Rxb6 Rxa2 55. f5 exf5+ 56. Kxf5 h5 57. Rh6 Rc2 58. Ra6 Ra2 59. Rh6 Rc2 60. Ra6 Ra2 1/2-1/2

[Event "SVK-chT1W 1112"]
[Site "Slovakia"]
[Date "2012.02.05"]
[Round "9.4"]
[White "Gasa, Andrej"]
[Black "Siroky, Jan"]
[Result "1/2-1/2"]
[WhiteElo "2257"]
[BlackElo "2166"]
[PlyCount "63"]
[EventDate "2011.10.15"]
[EventType "team-tourn"]
[EventRounds "11"]
[EventCountry "SVK"]
[SourceTitle "EXT 2013"]
[Source "ChessBase"]
[SourceDate "2012.11.22"]
[SourceVersion "1"]
[SourceVersionDate "2012.11.22"]
[SourceQuality "1"]
[WhiteTeam "Osuske"]
[BlackTeam "Tlmace"]
[WhiteTeamCountry "SVK"]
[BlackTeamCountry "SVK"]

1. e4 e6 2. d4 d5 3. e5 c5 4. c3 Bd7 5. Nf3 Qb6 6. a3 cxd4 7. cxd4 Bb5 8. Bxb5+ Qxb5 9. Nc3 Qa6 10. Ne2 Nc6 11. 0-0 Nge7 12. Ng3 g6 13. Bg5 Bg7 14. Qd2 0-0 15. Bh6 Nf5 16. Nxf5 exf5 17. h4 Qb6 18. Bxg7 Kxg7 19. Rac1 Na5 20. Rc3 Rac8 21. h5 h6 22. hxg6 fxg6 23. Re1 Nc4 24. Qc1 Rc6 25. b3 Na5 26. Rxc6 Qxc6 27. Qe3 Qe6 28. Qc3 Nc6 29. b4 Rc8 30. Qd2 Nd8 31. Rc1 Rxc1+ 32. Qxc1 1/2-1/2

[Event "SVK-chT1W 1112"]
[Site "Slovakia"]
[Date "2011.12.10"]
[Round "5.5"]
[White "Szegi, Tamas"]
[Black "Siroky, Jan"]
[Result "1/2-1/2"]
[WhiteElo "2246"]
[BlackElo "2166"]
[PlyCount "37"]
[EventDate "2011.10.15"]
[EventType "team-tourn"]
[EventRounds "11"]
[EventCountry "SVK"]
[SourceTitle "EXT 2013"]
[Source "ChessBase"]
[SourceDate "2012.11.22"]
[SourceVersion "1"]
[SourceVersionDate "2012.11.22"]
[SourceQuality "1"]
[WhiteTeam "Komarno"]
[BlackTeam "Tlmace"]
[WhiteTeamCountry "SVK"]
[BlackTeamCountry "SVK"]

1. e4 e6 2. d4 d5 3. Nd2 c5 4. exd5 Qxd5 5. Ngf3 cxd4 6. Bc4 Qd8 7. 0-0 a6 8. a4 Nc6 9. Nb3 Qc7 10. Qe2 Bd6 11. h3 Nge7 12. Nbxd4 h6 13. c3 Bd7 14. Be3 Ne5 15. Nxe5 Bxe5 16. Nf3 Bf6 17. Bd4 Bxd4 18. Nxd4 0-0 19. Bd3 1/2-1/2

[Event "AUT-chT2O 1112"]
[Site "Austria"]
[Date "2011.11.06"]
[Round "4.5"]
[White "Vass, Frantisek"]
[Black "Siroky, Jan"]
[Result "1-0"]
[WhiteElo "2296"]
[BlackElo "2166"]
[PlyCount "67"]
[EventDate "2011.10.15"]
[EventType "team-tourn"]
[EventRounds "11"]
[EventCountry "AUT"]
[SourceTitle "EXT 2013"]
[Source "ChessBase"]
[SourceDate "2012.11.22"]
[SourceVersion "1"]
[SourceVersionDate "2012.11.22"]
[SourceQuality "1"]
[WhiteTeam "Lackenbach"]
[BlackTeam "Wien Husek"]
[WhiteTeamCountry "AUT"]
[BlackTeamCountry "AUT"]

1. d4 Nf6 2. Bg5 Ne4 3. h4 d5 4. Nd2 Nd6 5. Ngf3 f6 6. Bf4 Be6 7. e3 Nd7 8. Bd3 c5 9. Bxd6 exd6 10. c3 Be7 11. Qb1 Nf8 12. Nf1 Qd7 13. a4 c4 14. Bc2 0-0-0 15. Ng3 g6 16. a5 Qe8 17. a6 b6 18. b3 Kb8 19. Ne2 Qc6 20. Nd2 Rg8 21. Nf4 Bf7 22. bxc4 dxc4 23. Ba4 Qc7 24. e4 Rc8 25. Nd5 Qd8 26. Qb4 f5 27. Nxc4 fxe4 28. Ncxb6 axb6 29. Nxe7 Qc7 30. a7+ Qxa7 31. Qxd6+ Qc7 32. Nc6+ Kb7 33. Bb5 Ra8 34. Qxc7+ 1-0

[Event "SVK-chT1W 1011"]
[Site "Slovakia"]
[Date "2011.03.20"]
[Round "9"]
[White "Miklas, Marian"]
[Black "Siroky, Jan"]
[Result "1/2-1/2"]
[WhiteElo "2139"]
[BlackElo "2188"]
[PlyCount "24"]
[EventDate "2010.11.06"]
[EventType "team-tourn"]
[EventRounds "11"]
[EventCountry "SVK"]
[SourceTitle "EXT 2012"]
[Source "ChessBase"]
[SourceDate "2011.11.24"]
[SourceVersion "1"]
[SourceVersionDate "2011.11.24"]
[SourceQuality "1"]
[WhiteTeam "Trnava Lokomotiva"]
[BlackTeam "Tlmace"]
[WhiteTeamCountry "SVK"]
[BlackTeamCountry "SVK"]

1. Nf3 Nf6 2. c4 g6 3. g3 Bg7 4. Bg2 0-0 5. 0-0 c6 6. Nc3 d5 7. cxd5 Nxd5 8. d4 Na6 9. e4 Nb6 10. h3 Be6 11. a4 f6 12. a5 Nc8 1/2-1/2

[Event "SVK-chT1W 1011"]
[Site "Slovakia"]
[Date "2011.02.12"]
[Round "6.5"]
[White "Siroky, Jan"]
[Black "Skreno, Vladimir"]
[Result "1/2-1/2"]
[WhiteElo "2188"]
[BlackElo "2160"]
[PlyCount "27"]
[EventDate "2010.11.06"]
[EventType "team-tourn"]
[EventRounds "11"]
[EventCountry "SVK"]
[SourceTitle "EXT 2012"]
[Source "ChessBase"]
[SourceDate "2011.11.24"]
[SourceVersion "1"]
[SourceVersionDate "2011.11.24"]
[SourceQuality "1"]
[WhiteTeam "Tlmace"]
[BlackTeam "Nitra"]
[WhiteTeamCountry "SVK"]
[BlackTeamCountry "SVK"]

1. e4 c5 2. Nf3 Nc6 3. d4 cxd4 4. Nxd4 e5 5. Nb5 a6 6. Nd6+ Bxd6 7. Qxd6 Qf6 8. Qa3 Nge7 9. Nc3 Rb8 10. Nd5 Nxd5 11. exd5 Nd4 12. Bd3 d6 13. Be3 0-0 14. 0-0 1/2-1/2

[Event "SVK-chT1W 1011"]
[Site "Slovakia"]
[Date "2010.12.12"]
[Round "4.5"]
[White "Siroky, Jan"]
[Black "Hacik, Radomir"]
[Result "1/2-1/2"]
[WhiteElo "2188"]
[BlackElo "2176"]
[PlyCount "29"]
[EventDate "2010.11.06"]
[EventType "team-tourn"]
[EventRounds "11"]
[EventCountry "SVK"]
[SourceTitle "EXT 2012"]
[Source "ChessBase"]
[SourceDate "2011.11.24"]
[SourceVersion "1"]
[SourceVersionDate "2011.11.24"]
[SourceQuality "1"]
[WhiteTeam "Tlmace"]
[BlackTeam "Bratislava Slovan II"]
[WhiteTeamCountry "SVK"]
[BlackTeamCountry "SVK"]

1. e4 c6 2. d4 d5 3. exd5 cxd5 4. c4 Nf6 5. Nc3 e6 6. Nf3 Be7 7. a3 dxc4 8. Bxc4 0-0 9. 0-0 Qc7 10. Qe2 Nc6 11. Be3 a6 12. Rac1 Bd7 13. Rfd1 Rfe8 14. d5 exd5 15. Bxd5 1/2-1/2

[Event "SVK-chT1W 0910"]
[Site "Slovakia"]
[Date "2010.02.14"]
[Round "9.6"]
[White "Krajnak, Robert"]
[Black "Siroky, Jan"]
[Result "0-1"]
[WhiteElo "2096"]
[BlackElo "2218"]
[PlyCount "58"]
[EventDate "2009.10.17"]
[EventType "team"]
[EventRounds "11"]
[EventCountry "SVK"]
[SourceTitle "EXT 2011"]
[Source "ChessBase"]
[SourceDate "2010.11.26"]
[SourceVersion "1"]
[SourceVersionDate "2010.11.26"]
[SourceQuality "1"]
[WhiteTeam "Bratislava Doprastav"]
[BlackTeam "Tlmace"]
[WhiteTeamCountry "SVK"]
[BlackTeamCountry "SVK"]

1. c4 Nf6 2. Nc3 d5 3. cxd5 Nxd5 4. e3 c6 5. Nf3 g6 6. Bc4 Bg7 7. Qb3 e6 8. d4 0-0 9. e4 Nb6 10. Be2 N8d7 11. Bg5 Qe8 12. e5 f6 13. exf6 Nxf6 14. 0-0 Nbd5 15. Rfe1 Qf7 16. Ne5 Qc7 17. Bc4 Bd7 18. Rac1 Nxc3 19. Bxe6+ Bxe6 20. Qxe6+ Kh8 21. Rxc3 Rae8 22. Nxg6+ hxg6 23. Rh3+ Nh5 24. Qxe8 Rxe8 25. Rxe8+ Kh7 26. Re7 Qd6 27. g4 Qxd4 28. gxh5 Qd1+ 29. Kg2 Qd5+ 0-1

[Event "HUN-chT2 Charousek 0910"]
[Site "Hungary"]
[Date "2010.01.31"]
[Round "5"]
[White "Remete, Zsuzsa"]
[Black "Siroky, Jan"]
[Result "1-0"]
[WhiteElo "2089"]
[BlackElo "2218"]
[PlyCount "69"]
[EventDate "2009.11.08"]
[EventType "team-tourn"]
[EventRounds "11"]
[EventCountry "HUN"]
[SourceTitle "EXT 2011"]
[Source "ChessBase"]
[SourceDate "2010.11.26"]
[SourceVersion "1"]
[SourceVersionDate "2010.11.26"]
[SourceQuality "1"]
[WhiteTeam "Haladas II"]
[BlackTeam "Pannonpower"]
[WhiteTeamCountry "HUN"]
[BlackTeamCountry "HUN"]

1. e4 e6 2. d4 d5 3. Nd2 dxe4 4. Nxe4 Nd7 5. Nf3 Ngf6 6. Nxf6+ Nxf6 7. Bg5 Be7 8. Bd3 c5 9. Qe2 cxd4 10. 0-0-0 Nd5 11. Bxe7 Qxe7 12. Qe5 Qf6 13. Be4 Qxe5 14. Nxe5 Nf4 15. Rhe1 f6 16. Nc4 e5 17. g3 Ne6 18. f4 0-0 19. fxe5 Rb8 20. exf6 Rxf6 21. Bd5 b5 22. Nd6 Bd7 23. Rxd4 Kf8 24. Rd2 Ng5 25. Ne4 Re8 26. Rde2 Bg4 27. Nxg5 Rxe2 28. Nxh7+ Ke7 29. Rxe2+ Bxe2 30. Nxf6 gxf6 31. Kd2 Bg4 32. Ke3 Kd6 33. Kf4 Bh3 34. Be4 b4 35. g4 1-0

[Event "SVK-chT1W 0910"]
[Site "Slovakia"]
[Date "2009.11.15"]
[Round "4.2"]
[White "Bogar, Tomas"]
[Black "Siroky, Jan"]
[Result "1/2-1/2"]
[WhiteElo "1793"]
[BlackElo "2218"]
[PlyCount "64"]
[EventDate "2009.10.17"]
[EventType "team"]
[EventRounds "11"]
[EventCountry "SVK"]
[SourceTitle "EXT 2011"]
[Source "ChessBase"]
[SourceDate "2010.11.26"]
[SourceVersion "1"]
[SourceVersionDate "2010.11.26"]
[SourceQuality "1"]
[WhiteTeam "Galanta"]
[BlackTeam "Tlmace"]
[WhiteTeamCountry "SVK"]
[BlackTeamCountry "SVK"]

1. d4 Nf6 2. Nf3 g6 3. c4 Bg7 4. Nc3 d5 5. e3 0-0 6. Be2 b6 7. 0-0 Bb7 8. b3 c5 9. Bb2 cxd4 10. Nxd4 dxc4 11. Bxc4 Nbd7 12. Qd2 a6 13. Rfd1 Qc7 14. Rac1 Rad8 15. Nd5 Qd6 16. Nxf6+ Nxf6 17. Be2 Ne4 18. Qd3 Qb8 19. f3 Nc5 20. Qb1 Bh6 21. Nc2 Rxd1+ 22. Rxd1 Rd8 23. Rxd8+ Qxd8 24. Qd1 Qxd1+ 25. Bxd1 Kf8 26. Bd4 Nd7 27. Kf2 e5 28. Bc3 Ke7 29. e4 f5 30. exf5 gxf5 31. Ne3 Kf6 32. Bc2 Bxe3+ 1/2-1/2

[Event "HUN-chT2 Charousek 0910"]
[Site "Hungary"]
[Date "2009.11.08"]
[Round "1"]
[White "Papp, Judit"]
[Black "Siroky, Jan"]
[Result "0-1"]
[WhiteElo "2175"]
[BlackElo "2218"]
[PlyCount "98"]
[EventDate "2009.11.08"]
[EventType "team-tourn"]
[EventRounds "11"]
[EventCountry "HUN"]
[SourceTitle "EXT 2011"]
[Source "ChessBase"]
[SourceDate "2010.11.26"]
[SourceVersion "1"]
[SourceVersionDate "2010.11.26"]
[SourceQuality "1"]
[WhiteTeam "Paks II"]
[BlackTeam "Pannonpower"]
[WhiteTeamCountry "HUN"]
[BlackTeamCountry "HUN"]

1. e4 e6 2. d4 d5 3. Nc3 dxe4 4. Nxe4 Nd7 5. Nf3 Ngf6 6. Bg5 Be7 7. Nxf6+ Nxf6 8. Bd3 0-0 9. Qe2 c5 10. dxc5 Qa5+ 11. Bd2 Qxc5 12. 0-0-0 Bd7 13. h4 Rac8 14. Kb1 Rfd8 15. Ng5 Bc6 16. Bc3 h6 17. f4 Bd5 18. f5 Rc6 19. fxe6 Bxe6 20. Ne4 Nxe4 21. Qxe4 f5 22. Qf3 Rb6 23. Ka1 Qd5 24. Qxd5 Bxd5 25. Ba5 Bxg2 26. Bxb6 axb6 27. Rhe1 Bf3 28. Bc4+ Kf8 29. Rxd8+ Bxd8 30. Rf1 Bg4 31. h5 Ke7 32. Re1+ Kf6 33. Re6+ Kg5 34. Rg6+ Kxh5 35. Rxg7 Bf3 36. Kb1 Bg5 37. b3 Kg4 38. Rg6 h5 39. c3 h4 40. Bf1 f4 41. Kc1 Kf5 42. Rxb6 Bc6 43. Rb4 Kg4 44. Bb5 h3 45. Bxc6 bxc6 46. Rd4 h2 47. Rd1 f3+ 48. Kc2 Be3 49. Rh1 Bg1 0-1

[Event "HUN-chT2 Charousek 0809"]
[Site "Hungary"]
[Date "2009.03.08"]
[Round "9"]
[White "Szabo, Zsolt2222"]
[Black "Siroky, Jan"]
[Result "1/2-1/2"]
[WhiteElo "2350"]
[BlackElo "2218"]
[PlyCount "56"]
[EventDate "2008.10.26"]
[EventType "team-tourn"]
[EventRounds "11"]
[EventCountry "HUN"]
[SourceTitle "EXT 2010"]
[Source "ChessBase"]
[SourceDate "2010.11.25"]
[SourceVersion "1"]
[SourceVersionDate "2010.11.25"]
[SourceQuality "1"]
[WhiteTeam "Honved"]
[BlackTeam "Pannonpower"]
[WhiteTeamCountry "HUN"]
[BlackTeamCountry "HUN"]

1. d4 Nf6 2. c4 g6 3. Nc3 d5 4. Nf3 Bg7 5. cxd5 Nxd5 6. e3 0-0 7. Bc4 Nb6 8. Bb3 N8d7 9. a4 a5 10. 0-0 c6 11. e4 e5 12. Be3 exd4 13. Bxd4 Bxd4 14. Qxd4 Qe7 15. Qe3 Nc5 16. Bc2 Bg4 17. Nd2 Be6 18. b3 Rad8 19. Rad1 Rd7 20. e5 Nd5 21. Nxd5 Bxd5 22. Rfe1 Re8 23. Nf1 b6 24. Ng3 Qe6 25. h4 Red8 26. Qh6 Qg4 27. Re3 Ne6 28. h5 Qf4 1/2-1/2

[Event "HUN-chT2 Charousek 0809"]
[Site "Hungary"]
[Date "2009.02.08"]
[Round "7"]
[White "Seres, Bela"]
[Black "Siroky, Jan"]
[Result "1/2-1/2"]
[WhiteElo "2247"]
[BlackElo "2218"]
[PlyCount "20"]
[EventDate "2008.10.26"]
[EventType "team-tourn"]
[EventRounds "11"]
[EventCountry "HUN"]
[SourceTitle "EXT 2010"]
[Source "ChessBase"]
[SourceDate "2010.11.25"]
[SourceVersion "1"]
[SourceVersionDate "2010.11.25"]
[SourceQuality "1"]
[WhiteTeam "Hobagoly"]
[BlackTeam "Pannonpower"]
[WhiteTeamCountry "HUN"]
[BlackTeamCountry "HUN"]

1. c4 Nf6 2. g3 g6 3. Bg2 d5 4. cxd5 Nxd5 5. Nc3 c6 6. Qb3 Nb6 7. Nf3 Bg7 8. 0-0 0-0 9. d4 Na6 10. Rd1 Be6 1/2-1/2

[Event "SVK-chT2B 0809"]
[Site "Slovakia"]
[Date "2009.01.10"]
[Round "7.4"]
[White "Lancz, Ondrej"]
[Black "Siroky, Jan"]
[Result "0-1"]
[WhiteElo "2153"]
[BlackElo "2218"]
[PlyCount "74"]
[EventDate "2008.10.11"]
[EventType "team-tourn"]
[EventRounds "11"]
[EventCountry "SVK"]
[SourceTitle "EXT 2010"]
[Source "ChessBase"]
[SourceDate "2010.11.25"]
[SourceVersion "1"]
[SourceVersionDate "2010.11.25"]
[SourceQuality "1"]
[WhiteTeam "Sala Slovan Duslo"]
[BlackTeam "Tlmace SK"]
[WhiteTeamCountry "SVK"]
[BlackTeamCountry "SVK"]

1. d4 Nf6 2. c4 g6 3. Nc3 d5 4. Nf3 Bg7 5. Qb3 dxc4 6. Qxc4 0-0 7. e4 c6 8. e5 Nd5 9. Be2 Nb6 10. Qb3 Be6 11. Qc2 N8d7 12. 0-0 Rc8 13. Rd1 h6 14. Be3 Nd5 15. Nxd5 Bxd5 16. Qd2 Kh7 17. h4 Nb6 18. b3 Be4 19. h5 Qd7 20. Nh4 g5 21. Nf3 f6 22. exf6 exf6 23. Nh2 Nd5 24. f3 Bf5 25. g4 Be6 26. Bd3+ Kh8 27. Bf2 f5 28. Re1 fxg4 29. Rxe6 Qxe6 30. fxg4 Nf4 31. Bf1 Qd5 32. Rd1 Rcd8 33. Be3 Rf7 34. Bg2 Qxg2+ 35. Qxg2 Nxg2 36. Kxg2 Rfd7 37. Nf3 c5 0-1

[Event "SVK-chT2B 0809"]
[Site "Slovakia"]
[Date "2008.11.08"]
[Round "4.4"]
[White "Siroky, Jan"]
[Black "Blazek, Milos"]
[Result "1/2-1/2"]
[WhiteElo "2218"]
[BlackElo "2077"]
[PlyCount "20"]
[EventDate "2008.10.11"]
[EventType "team-tourn"]
[EventRounds "11"]
[EventCountry "SVK"]
[SourceTitle "EXT 2010"]
[Source "ChessBase"]
[SourceDate "2010.11.25"]
[SourceVersion "1"]
[SourceVersionDate "2010.11.25"]
[SourceQuality "1"]
[WhiteTeam "Tlmace SK"]
[BlackTeam "Trencin SK II"]
[WhiteTeamCountry "SVK"]
[BlackTeamCountry "SVK"]

1. e4 e5 2. Nf3 Nc6 3. Bb5 a6 4. Bxc6 dxc6 5. 0-0 Bg4 6. d3 Bd6 7. Be3 Qf6 8. Nbd2 Ne7 9. Qe1 Ng6 10. h3 Bd7 1/2-1/2

[Event "HUN-chT2 Charousek 0708"]
[Site "Hungary"]
[Date "2008.05.18"]
[Round "11"]
[White "Jakab, Attila"]
[Black "Siroky, Jan"]
[Result "1-0"]
[WhiteElo "2398"]
[BlackElo "2228"]
[PlyCount "95"]
[EventDate "2007.10.14"]
[EventType "team"]
[EventRounds "11"]
[EventCountry "HUN"]
[SourceTitle "EXT 2009"]
[Source "ChessBase"]
[SourceDate "2008.11.26"]
[SourceVersion "1"]
[SourceVersionDate "2008.11.26"]
[SourceQuality "1"]
[WhiteTeam "Taban Spartacus"]
[BlackTeam "Pannonpower"]
[WhiteTeamCountry "HUN"]
[BlackTeamCountry "HUN"]

1. d4 Nf6 2. c4 g6 3. Nc3 d5 4. Nf3 Bg7 5. Bf4 0-0 6. Rc1 dxc4 7. e4 Bg4 8. Bxc4 Bxf3 9. gxf3 Nh5 10. Be3 e5 11. dxe5 Bxe5 12. Qxd8 Rxd8 13. Ne2 Nc6 14. f4 Bd4 15. Nxd4 Nxd4 16. Be2 Nxe2 17. Kxe2 Rac8 18. Rhd1 Rxd1 19. Rxd1 Kf8 20. f5 b6 21. b4 a6 22. fxg6 hxg6 23. Rc1 Nf6 24. Bxb6 c6 25. f3 Ke7 26. Be3 Ke6 27. Rc5 Kd7 28. Ra5 Ra8 29. Bd4 Ne8 30. h4 Nc7 31. h5 Nb5 32. Bb2 gxh5 33. a4 Nc7 34. Rxh5 Rg8 35. Kf2 Ne6 36. Rf5 Rb8 37. Bc3 Ke8 38. Ke3 Rb7 39. Ra5 Rb6 40. Rh5 Ke7 41. Rf5 Rb7 42. Ra5 Rb6 43. Kd3 Kd7 44. Kc4 Kd6 45. Be1 Nc7 46. Bg3+ Kd7 47. Bxc7 Kxc7 48. Rf5 1-0

[Event "SVK-chT2B 0708"]
[Site "Slovakia"]
[Date "2008.03.12"]
[Round "11.5"]
[White "Siroky, Jan"]
[Black "Kocmal, Jaroslav"]
[Result "1-0"]
[WhiteElo "2228"]
[BlackElo "1999"]
[PlyCount "81"]
[EventDate "2007.10.06"]
[EventType "team-tourn"]
[EventRounds "11"]
[EventCountry "SVK"]
[SourceTitle "EXT 2010"]
[Source "ChessBase"]
[SourceDate "2010.11.25"]
[SourceVersion "1"]
[SourceVersionDate "2010.11.25"]
[SourceQuality "1"]
[WhiteTeam "Tlmace SK"]
[BlackTeam "Surany Lokomotiva"]
[WhiteTeamCountry "SVK"]
[BlackTeamCountry "SVK"]

1. e4 c5 2. Nf3 d6 3. d4 cxd4 4. Nxd4 Nf6 5. Nc3 g6 6. Be3 Bg7 7. f3 a6 8. Qd2 b5 9. 0-0-0 Bb7 10. Kb1 Nbd7 11. g4 h6 12. h4 Ne5 13. h5 g5 14. Nf5 Bf8 15. Be2 Qc7 16. Bd4 0-0-0 17. Qe3 Nfd7 18. Nd5 Bxd5 19. exd5 e6 20. Ng3 Bg7 21. a4 Qb7 22. dxe6 fxe6 23. axb5 axb5 24. Qb3 d5 25. Bxb5 Kb8 26. Qa4 Nb6 27. Qb3 Nbd7 28. Rhe1 Rh7 29. Re3 Re8 30. Rxe5 Nxe5 31. Bxe8 Qxb3 32. cxb3 Nxf3 33. Bg6 Nxd4 34. Bxh7 Nxb3 35. Bg8 Nc5 36. Re1 Kc7 37. Bxe6 d4 38. Bc4 Bf8 39. Nf5 d3 40. Re8 d2 41. Kc2 1-0

[Event "SVK-chT2B 0708"]
[Site "Slovakia"]
[Date "2008.02.02"]
[Round "8.2"]
[White "Siroky, Jan"]
[Black "Berek, Geza"]
[Result "0-1"]
[WhiteElo "2228"]
[BlackElo "2169"]
[PlyCount "75"]
[EventDate "2007.10.06"]
[EventType "team-tourn"]
[EventRounds "11"]
[EventCountry "SVK"]
[SourceTitle "EXT 2010"]
[Source "ChessBase"]
[SourceDate "2010.11.25"]
[SourceVersion "1"]
[SourceVersionDate "2010.11.25"]
[SourceQuality "1"]
[WhiteTeam "Tlmace SK"]
[BlackTeam "Batorove Kosihy"]
[WhiteTeamCountry "SVK"]
[BlackTeamCountry "SVK"]

1. e4 g6 2. d4 Bg7 3. Nc3 d6 4. f4 a6 5. Nf3 b5 6. Be3 Bb7 7. Bd3 Nd7 8. Ne2 c5 9. c3 Ngf6 10. d5 Nb6 11. 0-0 0-0 12. h3 e6 13. dxe6 fxe6 14. Ng3 Qe7 15. Qe2 d5 16. Ng5 h6 17. e5 hxg5 18. exf6 Bxf6 19. fxg5 Be5 20. Qg4 Nc4 21. Bxc4 bxc4 22. Rae1 Qd6 23. Ne2 Rf5 24. Rxf5 exf5 25. Qh4 Re8 26. Kf1 d4 27. cxd4 cxd4 28. Bxd4 Bxd4 29. Nxd4 Rxe1+ 30. Kxe1 Qb4+ 31. Kf2 Qxb2+ 32. Ne2 Qb6+ 33. Qd4 Qxd4+ 34. Nxd4 Kf7 35. h4 Be4 36. g3 Ke7 37. Ke3 Kd6 38. g4 0-1

[Event "SVK-chT2B 0708"]
[Site "Slovakia"]
[Date "2007.11.04"]
[Round "4.5"]
[White "Siroky, Jan"]
[Black "Slacky, Stanislav"]
[Result "1/2-1/2"]
[WhiteElo "2228"]
[BlackElo "2140"]
[PlyCount "33"]
[EventDate "2007.10.06"]
[EventType "team-tourn"]
[EventRounds "11"]
[EventCountry "SVK"]
[SourceTitle "EXT 2010"]
[Source "ChessBase"]
[SourceDate "2010.11.25"]
[SourceVersion "1"]
[SourceVersionDate "2010.11.25"]
[SourceQuality "1"]
[WhiteTeam "Tlmace SK"]
[BlackTeam "Trencin SK II"]
[WhiteTeamCountry "SVK"]
[BlackTeamCountry "SVK"]

1. e4 Nf6 2. e5 Nd5 3. d4 d6 4. Nf3 Bg4 5. Be2 g6 6. h3 Bxf3 7. Bxf3 c6 8. exd6 Qxd6 9. 0-0 Bg7 10. c3 0-0 11. Nd2 Nd7 12. Re1 e6 13. Ne4 Qc7 14. g3 e5 15. dxe5 Nxe5 16. Bg2 Rad8 17. Qc2 1/2-1/2

[Event "SVK-chT2B 0708"]
[Site "Slovakia"]
[Date "2007.10.07"]
[Round "2.5"]
[White "Siroky, Jan"]
[Black "Marko, Anton"]
[Result "1-0"]
[WhiteElo "2228"]
[BlackElo "2119"]
[PlyCount "75"]
[EventDate "2007.10.06"]
[EventType "team-tourn"]
[EventRounds "11"]
[EventCountry "SVK"]
[SourceTitle "EXT 2010"]
[Source "ChessBase"]
[SourceDate "2010.11.25"]
[SourceVersion "1"]
[SourceVersionDate "2010.11.25"]
[SourceQuality "1"]
[WhiteTeam "Tlmace SK"]
[BlackTeam "Partizanske SK Neomax"]
[WhiteTeamCountry "SVK"]
[BlackTeamCountry "SVK"]

1. e4 d6 2. d4 Nf6 3. Nc3 c6 4. f4 g6 5. Nf3 b5 6. Bd3 Bg7 7. Be3 a6 8. h3 b4 9. Ne2 Bb7 10. 0-0 Qc7 11. c4 c5 12. d5 Nbd7 13. Qc2 0-0 14. Rae1 e6 15. g4 exd5 16. exd5 Rfe8 17. Ng3 Nb6 18. g5 Nfxd5 19. cxd5 Nxd5 20. Bc1 Nb6 21. Qf2 d5 22. Rxe8+ Rxe8 23. Re1 Rd8 24. Bb1 a5 25. h4 a4 26. f5 Nc4 27. h5 d4 28. hxg6 hxg6 29. Be4 d3 30. f6 Bf8 31. Bxb7 Qxb7 32. b3 Nb6 33. Re4 axb3 34. axb3 Qd5 35. Rh4 Qxb3 36. Qh2 Bg7 37. fxg7 Kxg7 38. Nf5+ 1-0